A Study To Assess The Effectiveness of Stp on Knowledge of autism Spectrum disorder Among The Primary School Teachers in Selected Primary School of Urban Community (Phd.) (Record no. 366364)

MARC details
000 -LEADER
fixed length control field 00520nam a22001457a 4500
005 - DATE AND TIME OF LATEST TRANSACTION
control field 20250514160101.0
008 - FIXED-LENGTH DATA ELEMENTS--GENERAL INFORMATION
fixed length control field 250514b |||||||| |||| 00| 0 eng d
041 ## - LANGUAGE CODE
Language code of text/sound track or separate title Eng
100 ## - MAIN ENTRY--PERSONAL NAME
Author Neha
245 ## - TITLE STATEMENT
Title A Study To Assess The Effectiveness of Stp on Knowledge of autism Spectrum disorder Among The Primary School Teachers in Selected Primary School of Urban Community (Phd.)
250 ## - EDITION STATEMENT
Edition statement 2024
260 ## - PUBLICATION, DISTRIBUTION, ETC.
Place of publication, distribution, etc. Rajasthan
Name of publisher, distributor, etc. Shri Jagdishprasad jhabarmal Tibrewala University
Date of publication, distribution, etc. 2024
300 ## - PHYSICAL DESCRIPTION
Extent 263 P
942 ## - ADDED ENTRY ELEMENTS (KOHA)
Koha item type Dissertation
Holdings
Withdrawn status Lost status Source of classification or shelving scheme Damaged status Not for loan Home library Current library Date acquired Total Checkouts Barcode Date last seen Bill Date Koha item type
    Dewey Decimal Classification     Sitabai Nargundkar College of Nursing Nagpur Sitabai Nargundkar College of Nursing Nagpur 14/05/2025   SNCN-DN-156 14/05/2025 14/05/2025 Dissertation